| 000 | 00373nam a2200145Ia 4500 | ||
|---|---|---|---|
| 008 | 220120s9999||||xx |||||||||||||| ||und|| | ||
| 020 | _a9788131758991 | ||
| 082 | _a658 MAH | ||
| 100 | _aMahadevan B. | ||
| 245 | 0 | _aOperations management | |
| 250 | _a2nd | ||
| 260 |
_aPearson education of asia _bNew Delhi _c2010 |
||
| 300 |
_aXII, 547p. _b0 |
||
| 650 | _aCOMPUTER SCIENCE | ||
| 999 |
_c132919 _d132919 |
||